| 000 | 00513nam a2200169 i 4500 | ||
|---|---|---|---|
| 001 | 50971 | ||
| 003 | ES-MaACL | ||
| 005 | 20230906162253.0 | ||
| 007 | t| | ||
| 008 | 030807s1964 sp ||||1| spa d | ||
| 100 | 1 |
_aChancellor, R. J. _937942 |
|
| 245 | 1 | 0 |
_aIdentificación de plántulas de malas hierbas / _cR.J. Chancellor ; traducido por Luis Heras Cobo. |
| 260 |
_aZaragoza : _bAcribia, _c1964. |
||
| 300 |
_a107 p. ; _c19 cm. |
||
| 700 | 1 |
_aHeras Cobo, Luis. _962642 |
|
| 852 |
_aES-MaACL _jC-26057 _bR.54681 |
||
| 999 |
_c50971 _d50971 |
||